书目信息 |
| 题名: |
建筑初步新教程
|
|
| 作者: | 朱琦 , 朱德本 编著 | |
| 分册: | ||
| 出版信息: | 上海 同济大学出版社 2009.12 |
|
| 页数: | 249页 | |
| 开本: | 29cm | |
| 丛书名: | ||
| 单 册: | ||
| 中图分类: | TU | |
| 科图分类: | ||
| 主题词: | 建筑学--高等学校--教材 | |
| 电子资源: | ||
| ISBN: | 978-7-5608-4223-3 | |
| 000 | 00825nam0 2200265 450 | |
| 001 | 012010611747 | |
| 005 | 20181213143712.77 | |
| 010 | @a978-7-5608-4223-3@dCNY32.00 | |
| 100 | @a20101129d2009 em y0chiy0110 ea | |
| 101 | 0 | @achi |
| 102 | @aCN@b310000 | |
| 105 | @aa a 000yy | |
| 200 | 1 | @a建筑初步新教程@Ajian zhu chu bu xin jiao cheng@f朱德本, 朱琦编著 |
| 205 | @a第2版 | |
| 210 | @a上海@c同济大学出版社@d2009.12 | |
| 215 | @a249页@c图@d29cm | |
| 300 | @a高等院校教材 | |
| 320 | @a有书目 (第249页) | |
| 330 | @a本书为建筑及相关专业的启蒙教育和专业基础读物。全书共5章,内容包括:认识建筑、建筑文脉、设计理念、表现技法和作业训练。 | |
| 606 | 0 | @a建筑学@x高等学校@j教材 |
| 690 | @aTU@v4 | |
| 701 | 0 | @a朱琦@Azhu qi@4编著 |
| 701 | 0 | @a朱德本@Azhu de ben@4编著 |
| 801 | 0 | @aCN@c20101129 |
| 905 | @dTU@eZ830=2 | |
| 建筑初步新教程/朱德本, 朱琦编著.-第2版.-上海:同济大学出版社,2009.12 |
| 249页:图;29cm |
| 高等院校教材 |
| ISBN 978-7-5608-4223-3:CNY32.00 |
| 本书为建筑及相关专业的启蒙教育和专业基础读物。全书共5章,内容包括:认识建筑、建筑文脉、设计理念、表现技法和作业训练。 |
| ● |
| 相关链接 |
|
|
|
正题名:建筑初步新教程
索取号:TU/Z830=2
 
预约/预借
| 序号 | 登录号 | 条形码 | 馆藏地/架位号 | 状态 | 备注 |
| 1 | 1032356 | 210323568 | 建筑库101/101建筑库 2排1列3层/ [索取号:TU/Z830=2] | 在馆 | |
| 2 | 1032357 | 210323577 | 建筑库101/101建筑库 2排1列3层/ [索取号:TU/Z830=2] | 在馆 | |
| 3 | 1032358 | 210323586 | 建筑库101/101建筑库 2排1列3层/ [索取号:TU/Z830=2] | 在馆 | |
| 4 | 1032359 | 210323595 | 建筑库101/101建筑库 2排1列3层/ [索取号:TU/Z830=2] | 在馆 | |
| 5 | 1282423 | 212824238 | 建筑库101/101建筑库 2排1列3层/ [索取号:TU/Z830=2] | 在馆 | |
| 6 | 477334 | 204773343 | 建筑库101/101建筑库 2排1列3层/ [索取号:TU/Z830=2] | 在馆 |